<?xml version="1.0" encoding="UTF-8"?>
<record
    xmlns:xsi="http://www.w3.org/2001/XMLSchema-instance"
    xsi:schemaLocation="http://www.loc.gov/MARC21/slim http://www.loc.gov/standards/marcxml/schema/MARC21slim.xsd"
    xmlns="http://www.loc.gov/MARC21/slim">

  <leader>03967nam a22006257u 4500</leader>
  <controlfield tag="001">pwiiw3624</controlfield>
  <controlfield tag="003">OSt</controlfield>
  <controlfield tag="005">20260516120049.0</controlfield>
  <controlfield tag="008">150702t2015    au ||||| |||||||| ||ger d</controlfield>
  <datafield tag="040" ind1=" " ind2=" ">
    <subfield code="c">OSt</subfield>
  </datafield>
  <datafield tag="041" ind1=" " ind2=" ">
    <subfield code="a">ger</subfield>
  </datafield>
  <datafield tag="084" ind1=" " ind2=" ">
    <subfield code="a">E20</subfield>
    <subfield code="a">F34</subfield>
    <subfield code="a">G01</subfield>
    <subfield code="a">O52</subfield>
    <subfield code="a">O57</subfield>
    <subfield code="a">P24</subfield>
    <subfield code="a">P27</subfield>
    <subfield code="a">P33</subfield>
    <subfield code="a">P52</subfield>
    <subfield code="2">jelc</subfield>
  </datafield>
  <datafield tag="100" ind1="1" ind2=" ">
    <subfield code="a">Holzner, Mario</subfield>
  </datafield>
  <datafield tag="245" ind1="1" ind2="0">
    <subfield code="a">Aufwind im Westen Mittel-, Ost- und S&#xFC;dosteuropas:  Wichtige Wachstumsimpulse f&#xFC;r &#xD6;sterreich</subfield>
  </datafield>
  <datafield tag="260" ind1=" " ind2=" ">
    <subfield code="a">Wien :</subfield>
    <subfield code="b">Wiener Institut f&#xFC;r Internationale Wirtschaftsvergleiche (wiiw),</subfield>
    <subfield code="c">2015.</subfield>
  </datafield>
  <datafield tag="300" ind1=" " ind2=" ">
    <subfield code="a">75 S., </subfield>
    <subfield code="b">95 Tables and 18 Figures,</subfield>
    <subfield code="c">30cm.</subfield>
  </datafield>
  <datafield tag="490" ind1="1" ind2=" ">
    <subfield code="a">wiiw Research Reports in German Language</subfield>
    <subfield code="v">1</subfield>
  </datafield>
  <datafield tag="520" ind1=" " ind2=" ">
    <subfield code="a">Zusammenfassung

Aufwind im Westen der MOSOEL

In den mittel-, ost- und s&#xFC;dosteurop&#xE4;ischen L&#xE4;ndern (MOSOEL) klafft der Ausblick f&#xFC;r das Wirtschaftswachstum auch weiterhin auseinander: f&#xFC;r die meisten der neuen EU-Mitgliedstaaten (NMS) wird eine langsame Beschleunigung des BIP-Wachstums beginnend mit diesem Jahr erwartet. F&#xFC;r 2015 soll das Wachstum durchschnittlich auf 3% ansteigen, um 0,2 Prozentpunkte mehr als im Vorjahr. Die Erholung erfolgt um ein Jahr fr&#xFC;her als erwartet. Wesentlicher Faktor ist die bessere Entwicklung in der Eurozone. Auch am Westbalkan wird eine (wenn auch weniger dynamische) Verbesserung der Wachstumsaussichten f&#xFC;r die gesamte Prognoseperiode 2015-2017 erwartet. Die wirtschaftliche Entwicklung 2015 in Wei&#xDF;russland, Kasachstan, Russland und der Ukraine wird d&#xFC;ster ausfallen und zum Teil noch schlechter sein als bisher erwartet. F&#xFC;r diese L&#xE4;nder sind die mittelfristigen Wirtschaftsaussichten auch mit substantiellen Risiken behaftet. Insgesamt sollte aber das verst&#xE4;rkte Wachstum in den MOSOEL f&#xFC;r die &#xF6;sterreichische Wirtschaft als Nachfrageimpuls dienen. Insbesondere die NMS sind f&#xFC;r &#xD6;sterreich von zunehmender Bedeutung.

&#xA0;

English Summary

Western CESEE countries in the ascendant

The outlook for GDP growth in the Central, East and Southeast Europe (CESEE) region remains divergent: we expect a gradual acceleration of GDP growth for most of the EU&#x2019;s new Member States (NMS) starting this year. For 2015 growth is expected to increase to 3% on average, by 0.2 pp more as compared to last year. The recovery comes a year earlier than expected mainly based on favourable developments in the euro area. In the Western Balkans growth prospects will also improve over the whole forecast period 2015-2017, though slightly less dynamically. Growth performance in Belarus, Kazakhstan, Russia and Ukraine in 2015, however, will be dismal and partly worse than expected; the medium-term outlook for these countries is also fairly uncertain with considerable downside risks. Overall though, we should expect stronger CESEE growth to act as a demand stimulus for the Austrian economy. The NMS in particular are of increasing importance for Austria.
</subfield>
  </datafield>
  <datafield tag="650" ind1=" " ind2=" ">
    <subfield code="a">macroeconomic analysis</subfield>
  </datafield>
  <datafield tag="650" ind1=" " ind2=" ">
    <subfield code="a">international trade</subfield>
  </datafield>
  <datafield tag="650" ind1=" " ind2=" ">
    <subfield code="a">competitiveness</subfield>
  </datafield>
  <datafield tag="650" ind1=" " ind2=" ">
    <subfield code="a">consumption</subfield>
  </datafield>
  <datafield tag="650" ind1=" " ind2=" ">
    <subfield code="a">investment</subfield>
  </datafield>
  <datafield tag="650" ind1=" " ind2=" ">
    <subfield code="a">savings</subfield>
  </datafield>
  <datafield tag="650" ind1=" " ind2=" ">
    <subfield code="a">global financial crisis</subfield>
  </datafield>
  <datafield tag="651" ind1=" " ind2=" ">
    <subfield code="a">Albania</subfield>
  </datafield>
  <datafield tag="651" ind1=" " ind2=" ">
    <subfield code="a">Belarus</subfield>
  </datafield>
  <datafield tag="651" ind1=" " ind2=" ">
    <subfield code="a">Bosnia and Herzegovina</subfield>
  </datafield>
  <datafield tag="651" ind1=" " ind2=" ">
    <subfield code="a">Bulgaria</subfield>
  </datafield>
  <datafield tag="651" ind1=" " ind2=" ">
    <subfield code="a">Croatia</subfield>
  </datafield>
  <datafield tag="651" ind1=" " ind2=" ">
    <subfield code="a">Czechia</subfield>
  </datafield>
  <datafield tag="651" ind1=" " ind2=" ">
    <subfield code="a">Estonia</subfield>
  </datafield>
  <datafield tag="651" ind1=" " ind2=" ">
    <subfield code="a">Hungary</subfield>
  </datafield>
  <datafield tag="651" ind1=" " ind2=" ">
    <subfield code="a">Kazakhstan</subfield>
  </datafield>
  <datafield tag="651" ind1=" " ind2=" ">
    <subfield code="a">Kosovo</subfield>
  </datafield>
  <datafield tag="651" ind1=" " ind2=" ">
    <subfield code="a">Latvia</subfield>
  </datafield>
  <datafield tag="651" ind1=" " ind2=" ">
    <subfield code="a">Lithuania</subfield>
  </datafield>
  <datafield tag="651" ind1=" " ind2=" ">
    <subfield code="a">North Macedonia</subfield>
  </datafield>
  <datafield tag="651" ind1=" " ind2=" ">
    <subfield code="a">Montenegro</subfield>
  </datafield>
  <datafield tag="651" ind1=" " ind2=" ">
    <subfield code="a">Poland</subfield>
  </datafield>
  <datafield tag="651" ind1=" " ind2=" ">
    <subfield code="a">Romania</subfield>
  </datafield>
  <datafield tag="651" ind1=" " ind2=" ">
    <subfield code="a">Russia</subfield>
  </datafield>
  <datafield tag="651" ind1=" " ind2=" ">
    <subfield code="a">Serbia</subfield>
  </datafield>
  <datafield tag="651" ind1=" " ind2=" ">
    <subfield code="a">Slovakia</subfield>
  </datafield>
  <datafield tag="651" ind1=" " ind2=" ">
    <subfield code="a">Slovenia</subfield>
  </datafield>
  <datafield tag="651" ind1=" " ind2=" ">
    <subfield code="a">Turkey</subfield>
  </datafield>
  <datafield tag="651" ind1=" " ind2=" ">
    <subfield code="a">Ukraine</subfield>
  </datafield>
  <datafield tag="651" ind1=" " ind2=" ">
    <subfield code="a">Austria</subfield>
  </datafield>
  <datafield tag="690" ind1=" " ind2=" ">
    <subfield code="a">Macroeconomic Analysis and Policy</subfield>
  </datafield>
  <datafield tag="690" ind1=" " ind2=" ">
    <subfield code="a">Labour, Migration and Income Distribution</subfield>
  </datafield>
  <datafield tag="690" ind1=" " ind2=" ">
    <subfield code="a">International Trade, Competitiveness and FDI</subfield>
  </datafield>
  <datafield tag="830" ind1=" " ind2="0">
    <subfield code="v">1</subfield>
    <subfield code="w">WIIW0000108</subfield>
    <subfield code="t">wiiw Research Reports in German Language</subfield>
  </datafield>
  <datafield tag="856" ind1="4" ind2="0">
    <subfield code="u">https://wiiw.ac.at/p-3624.html</subfield>
  </datafield>
  <datafield tag="942" ind1=" " ind2=" ">
    <subfield code="c">P</subfield>
  </datafield>
  <datafield tag="999" ind1=" " ind2=" ">
    <subfield code="c">8586</subfield>
    <subfield code="d">8586</subfield>
  </datafield>
  <datafield tag="952" ind1=" " ind2=" ">
    <subfield code="0">0</subfield>
    <subfield code="1">0</subfield>
    <subfield code="4">0</subfield>
    <subfield code="7">0</subfield>
    <subfield code="a">BIB</subfield>
    <subfield code="b">BIB</subfield>
    <subfield code="c">1</subfield>
    <subfield code="d">2015-07-02</subfield>
    <subfield code="i">pwiiw3624</subfield>
    <subfield code="l">0</subfield>
    <subfield code="p">1000010003624</subfield>
    <subfield code="r">2015-07-02 00:00:00</subfield>
    <subfield code="w">2018-11-21</subfield>
    <subfield code="y">P</subfield>
  </datafield>
</record>
